Urban planning and public transport / (Record no. 25811)
[ view plain ]
| 000 -LEADER | |
|---|---|
| fixed length control field | 02007cam a22003135a 4500 |
| 001 - CONTROL NUMBER | |
| control field | 4214240 |
| 005 - DATE AND TIME OF LATEST TRANSACTION | |
| control field | 20171227111533.0 |
| 008 - FIXED-LENGTH DATA ELEMENTS--GENERAL INFORMATION | |
| fixed length control field | 820603s1979 enka frb 101 0 eng d |
| 020 ## - INTERNATIONAL STANDARD BOOK NUMBER | |
| International Standard Book Number | 0860958493 |
| 040 ## - CATALOGING SOURCE | |
| Original cataloging agency | DLC |
| Transcribing agency | DLC |
| Modifying agency | DLC |
| -- | EG-ScBUE |
| Language of cataloging | eng |
| 043 ## - GEOGRAPHIC AREA CODE | |
| Geographic area code | e-uk--- |
| 082 04 - DEWEY DECIMAL CLASSIFICATION NUMBER | |
| Classification number | 388.4 |
| Edition number | 22 |
| Item number | URB |
| 245 00 - TITLE STATEMENT | |
| Title | Urban planning and public transport / |
| Statement of responsibility, etc | edited by Roy Cresswell. |
| 260 ## - PUBLICATION, DISTRIBUTION, ETC. (IMPRINT) | |
| Place of publication, distribution, etc | Lancaster : |
| Name of publisher, distributor, etc | Construction Press, |
| Date of publication, distribution, etc | 1979. |
| 300 ## - PHYSICAL DESCRIPTION | |
| Extent | 172 p. : |
| Other physical details | ill. ; |
| Dimensions | 31 cm. |
| 500 ## - GENERAL NOTE | |
| General note | "Based on the conference of the same title held at the University of Nottingham in March 1979 and organized by the Construction Industry Conference Centre Limited in association with: the Royal Town Planning Institute; the Chartered Institute of Transport [and] the Transport and Road Research Laboratory"--P. [2] |
| 504 ## - BIBLIOGRAPHY, ETC. NOTE | |
| Bibliography, etc | Includes bibliographical references and index. |
| 505 0# - FORMATTED CONTENTS NOTE | |
| Formatted contents note | Urban structure / Andrew Derbyshire and Henry Brown -- Plans for public transport / Brian T. Collins -- Re-structuring urban public transport / D. Scott Hellewell -- Residential area structure and layout / Gunnar Lagerqvist -- Public transport and the planning of residential areas / F.V. Webster and P.H. Bly -- Public transport in housing areas / Peter Engelbrecht -- The structure of town and city centres / David Gosling -- Central area transport infrastructure / G.H. Armitage -- Bus services in central areas / M. Harrison -- Journey to work / J.M. Wadsworth -- The siting and layout of industrial development / Clifford Tandy -- Conclusions / Ralph Bennett. |
| 650 #7 - SUBJECT ADDED ENTRY--TOPICAL TERM | |
| Topical term or geographic name as entry element | City planning |
| Geographic subdivision | Great Britain |
| General subdivision | Congresses. |
| Source of heading or term | BUEsh |
| 650 #7 - SUBJECT ADDED ENTRY--TOPICAL TERM | |
| Topical term or geographic name as entry element | Urban transportation policy |
| Geographic subdivision | Great Britain |
| General subdivision | Congresses. |
| Source of heading or term | BUEsh |
| 651 ## - SUBJECT ADDED ENTRY--GEOGRAPHIC NAME | |
| Source of heading or term | BUEsh |
| 653 ## - INDEX TERM--UNCONTROLLED | |
| Resource For college | Generalities |
| Arrived date list | December2017 |
| 700 1# - ADDED ENTRY--PERSONAL NAME | |
| Personal name | Cresswell, Roy, |
| Relator term | editor. |
| 710 2# - ADDED ENTRY--CORPORATE NAME | |
| Corporate name or jurisdiction name as entry element | Construction Industry Conference Centre. |
| 710 2# - ADDED ENTRY--CORPORATE NAME | |
| Corporate name or jurisdiction name as entry element | Royal Town Planning Institute. |
| 710 2# - ADDED ENTRY--CORPORATE NAME | |
| Corporate name or jurisdiction name as entry element | Chartered Institute of Transport. |
| 710 2# - ADDED ENTRY--CORPORATE NAME | |
| Corporate name or jurisdiction name as entry element | Transport and Road Research Laboratory. |
| 942 ## - ADDED ENTRY ELEMENTS (KOHA) | |
| Source of classification or shelving scheme | Dewey Decimal Classification |
| Withdrawn status | Item status | Source of classification or shelving scheme | Damaged status | Not for loan | Home library | Current library | Shelving location | Date acquired | Total Checkouts | Total Renewals | Full call number | Barcode | Date last seen | Date last borrowed | Koha item type |
|---|---|---|---|---|---|---|---|---|---|---|---|---|---|---|---|
| Dewey Decimal Classification | Central Library | Central Library | First floor | 27/12/2017 | 1 | 2 | 388.4 URB | 000047037 | 15/07/2025 | 22/10/2018 | Book - Borrowing |